Referendum - núdzové východisko Tlačová konferencia Vladimíra Mečiara vo Viedni

Podrobná bibliografia
Hlavný autor: (apl) (Autor)
Médium: Článok
Jazyk:slovenčina
Fyzický popis:Fot. 1.
Predmet:

MARC

LEADER 00000nab a2200000 a 4500
001 vtls000429382
003 SK-MaSNL
005 20260303201038.0
008 120925c1991 xo 0 slo
015 |a SNBRB19rr/mm-uuuuu 
035 |a CL0429510 
040 |a SNKBUCL  |b slo  |c SNKBUCL  |e AACR2 
041 0 |a slo 
044 |a xo  |c SK 
080 |a 329.7(437.6)HZDS:342.573  |2 1981 
080 |a 342.573  |2 1981 
100 1 |a (apl)  |4 aut  |9 860146 
245 1 0 |a Referendum - núdzové východisko  |b Tlačová konferencia Vladimíra Mečiara vo Viedni  |c (apl) ; Vladimír Mečiar 
300 |b Fot. 1. 
600 1 7 |a Mečiar, Vladimír,  |d 1942-,  |2 snkbucl  |9 10144 
610 2 7 |a Hnutie za demokratické Slovensko  |2 snkbucl  |9 14440 
655 7 |a články z novín a časopisov  |2 snkbucl  |9 267496 
773 0 |t Národná obroda  |g Roč. 2, č. 225 (25. 9. 1991), s. 6 
850 |a Slovenská národná knižnica v Martine  |a MTA001 
852 |a SNK  |b KIS3GCP 
958 |a RK 
992 |a RBX 
999 |c 2171413  |d 2173343